LEADER 01162nas a2200301 i 4500 001 991000674719707536 005 20231109125424.0 008 100409c1969 dcuuu f0 0eng d 022 $a0081-024X 035 $ab13893762-39ule_inst 040 $aDi.S.Te.B.A.$beng 082 $a581.05 229 0 $aSmithsonian contributions to botany 245 00$aSmithsonian contributions to botany. - 1969- 260 $aWashington :$bSmithsonian Institution Press,$c1969- 300 $ano. :$bill. ;$c26 cm 504 $aIncludes bibliographies 592 $aLE003 2010;2014;2017; 650 0$aBotany$vPeriodicals 710 2 $aSmithsonian Institution 856 41$uhttp://opensi.si.edu/index.php/smithsonian/catalog/series/SCB/$zE-journal (Publisher Site) from 2014- 856 41$uhttps://smithsonian.figshare.com/search?q=botany$zE-Journal 907 $a.b13893762$b01-02-18$c09-04-10 912 $a991000674719707536 945 $aLE003 (Fondo SBM)$g1$lle003$og$pE0.00$q-$rn$s-$t18$u0$v0$w0$x0$y.i15107346$z09-04-10 996 $aSmithsonian contributions to botany. - 1969-$93579570 997 $aUNISALENTO 998 $ale003$b09-04-10$cs$da$e-$feng$gdcu$h0$i0 LEADER 01565nas 2200469- 450 001 996411342803316 005 20231213213019.0 011 $a2712-0562 035 $a(OCoLC)1303396605 035 $a(CKB)4100000011815584 035 $a(CONSER)--2022242389 035 $a(EXLCZ)994100000011815584 100 $a20210505a20199999 --- - 101 0 $aeng 135 $aur||||||||||| 181 $ctxt$2rdacontent 182 $cc$2rdamedia 183 $acr$2rdacarrier 200 00$aSustainable engineering and innovation 210 1$aIlija? :$cAssociation Research and Development Academy,$d2019- 215 $a1 online resource 300 $aRefereed/Peer-reviewed 300 $aRefereed/Peer-reviewed. 517 1 $aSEI 531 1 $aSustain. Eng. Innov. 606 $aSustainable engineering$vPeriodicals 606 $aSustainable engineering$xTechnological innovations$vPeriodicals 606 $aSustainable development$vPeriodicals 606 $aSustainable development$2fast$3(OCoLC)fst01139731 606 $aSustainable engineering$2fast$3(OCoLC)fst01739808 608 $aPeriodicals.$2fast 608 $aPeriodicals.$2lcgft 615 0$aSustainable engineering 615 0$aSustainable engineering$xTechnological innovations 615 0$aSustainable development 615 7$aSustainable development. 615 7$aSustainable engineering. 712 02$aResearch and Development Academy, 906 $aJOURNAL 912 $a996411342803316 996 $aSustainable Engineering and Innovation$92838687 997 $aUNISA